000 00318nam a22001337a 4500
008 170816b xxu||||| |||| 00| 0 eng d
020 _a0486647471
041 _aeng
080 _a51
100 _a36
101 _aMAT
245 _aAN INTRODUCTION TO ANALYSIS AND INTEGRATION THEORY
_cPHILLIPS,E.R
942 _2udc
_cBK
999 _c23740
_d23740